Inspirational talks with Swami Vivekananda (Record no. 95388)

MARC details
000 -LEADER
fixed length control field 00495nam a22001697a 4500
005 - DATE AND TIME OF LATEST TRANSACTION
control field 20151103152318.0
010 ## - LCCN (DPL NO)
LC control number ENG-113757
020 ## - INTERNATIONAL STANDARD BOOK NUMBER
International Standard Book Number 9789383450053
Terms of availability 150.00
035 ## - SYSTEM CONTROL NUMBER
System control number EN-97289
037 ## - SOURCE OF ACQUISITION
Source of stock number/acquisition DBAD/PUB
082 ## - DEWEY DECIMAL CLASSIFICATION NUMBER
Classification number 181.46
245 ## - TITLE STATEMENT
Title Inspirational talks with Swami Vivekananda
260 ## - PUBLICATION, DISTRIBUTION, ETC. (IMPRINT)
Place of publication, distribution, etc Noida
Name of publisher, distributor, etc VPS Engineering Impex
Date of publication, distribution, etc 2015(repr.)
270 ## - ADDRESS
Address A-8, Hosiery Complex, Phase-II
City Noida
Postal code 201305
300 ## - PHYSICAL DESCRIPTION
Extent 116p.
Dimensions 21cm(pbk)
942 ## - ADDED ENTRY ELEMENTS (KOHA)
Source of classification or shelving scheme Dewey Decimal Classification
Item type English Books
Call number suffix INS
Classification part 181.46
Holdings
Withdrawn status Lost status Not for loan Collection code Home library Current library Date acquired Source of acquisition Cost, normal purchase price Full call number Barcode Copy number Cost, replacement price Koha item type
    Not For Loan Non-fiction D.B.Act.Division D.B.Act.Division 31/07/2015 DBAD/PUB 150.00 181.46 INS EN-97289 1 150.00 English Books

© Delhi Public Library
Hit Counter
free hit counter